000 00969nam a22002537a 4500
999 _c22504
_d22504
003 AR-CdUCM
008 190425b ||||| |||| 00| 0 spa d
020 _a9786124758416
040 _aMUNICIPALIDAD PROVINCIAL DEL CUSCO
_cBIBLIOTECA MUNICIPAL DEL CUSCO
082 _a792.0985/B59
_bB59
100 _aBischoffshausen H., Gustavo von
_948353
245 _aTeatro popular en Lima :
_bzarzuelas, sainetes y revistas, 1890-1945 /
_cGustavo von Bischoffshausen
260 _aLima :
_bMáquina de Ideas,
_c2020.
300 _a136 páginas. :
_bilustraciones, facsíms., planos, retrs. ;
_c21 cm.
500 _zBibliografía: p. 131-136.
505 _aContenido: El teatro en la urbe -- El subsistema del teatro popular en Lima -- Las compañías del teatro popular limeño
650 _aTeatro
_948354
650 _aTeatro popular
_94474
650 _aActores
_9562
650 _aHistoria
_948355
650 _aSiglo XX
_948356
942 _2ddc
_cLIBROS
945 _arac